| 000 | 00815nam a2200229 i 4500 | ||
|---|---|---|---|
| 001 | 192180 | ||
| 003 | ES-MaACL | ||
| 005 | 20240128062952.0 | ||
| 008 | 221107s2019 sp |||| ||spa d | ||
| 017 |
_aBA 397-2019 _bOficina Depósito Legal Badajoz |
||
| 040 |
_bspa _cES-MaACL |
||
| 080 | _a908(460.253 Don Benito)(036) | ||
| 245 | 0 | 0 |
_aDon Benito : _bcon todos sus sentidos : guía turística. |
| 260 |
_aDon Benito : _bAyuntamiento de Don Benito, _c[2019] |
||
| 300 |
_a[96] p. : _bilustraciones (color) ; _c14 x 20 cm. |
||
| 651 | 4 |
_aDon Benito- _vGuías turísticas. _9175787 |
|
| 710 | 1 |
_aDon Benito. _bAyuntamiento. _9172938 |
|
| 852 | 4 |
_aES-MaACL _jN-8126 _cDEPOJ _hDonación: Editorial _9199462 |
|
| 942 |
_cMONOGRAFIA _n0 |
||
| 999 |
_c192180 _d192180 |
||